[Event "Madrid Chamartin op 6th"]
[Site "Madrid"]
[Date "2017.09.10"]
[Round "9"]
[White "Gomez Ferrer, Jesus"]
[Black "Alcoz Coll, Gonzalo"]
[Result "1/2-1/2"]
[WhiteElo "2035"]
[BlackElo "1960"]
[PlyCount "92"]
[EventDate "2017.09.04"]
[EventType "swiss"]
[EventRounds "9"]
[EventCountry "ESP"]
[SourceTitle "CBM 180 Extra"]
[Source "ChessBase"]
[SourceDate "2017.10.06"]
[SourceVersion "1"]
[SourceVersionDate "2017.10.06"]
[SourceQuality "1"]

1. c4 e6 2. Nf3 d5 3. g3 c5 4. Bg2 Nc6 5. b3 Nf6 6. 0-0 Be7 7. Bb2 0-0 8. a3 Rb8 9. d3 b5 10. cxb5 Rxb5 11. Nbd2 Nd7 12. e4 Bf6 13. Bxf6 Qxf6 14. Qc2 Nde5 15. Nxe5 Nd4 16. Ng4 Nxc2 17. Nxf6+ gxf6 18. Ra2 Nd4 19. Rb2 Rd8 20. Re1 Kf8 21. h3 Rb6 22. Bf1 Ba6 23. Reb1 Rdb8 24. Kg2 Ke7 25. g4 Kd6 26. Kg3 Nb5 27. b4 cxb4 28. axb4 Nc3 29. Ra1 dxe4 30. Nc4+ Bxc4 31. dxc4 Rxb4 32. Rxb4 Rxb4 33. Rxa7 Rb1 34. Bg2 Ne2+ 35. Kh2 Nf4 36. Bxe4 Rb3 37. Bg2 h5 38. Rxf7 Nxg2 39. Kxg2 hxg4 40. hxg4 Ke5 41. f3 Rc3 42. Kg3 Rxc4 43. Rh7 Rc1 44. Rh5+ Kd6 45. Rh6 Ke7 46. Rh3 Kf7 1/2-1/2